[Event "NOR-chB"]
[Site "Oslo"]
[Date "2023.07.05"]
[Round "6"]
[White "Sorgjerd, Jan"]
[Black "Bjugn, Gisle"]
[Result "1-0"]
[WhiteElo "1986"]
[BlackElo "1868"]
[PlyCount "81"]
[EventDate "2023.06.30"]
[EventType "swiss"]
[EventRounds "9"]
[EventCountry "NOR"]
[SourceTitle "EXT 2024"]
[Source "ChessBase"]
[SourceDate "2023.10.10"]
[SourceVersion "1"]
[SourceVersionDate "2023.10.10"]
[SourceQuality "1"]

1. d4 Nf6 2. c4 e6 3. Nc3 Bb4 4. Qc2 d5 5. a3 Bxc3+ 6. Qxc3 0-0 7. Bg5 h6 8. Bh4 dxc4 9. Qxc4 Nc6 10. e3 e5 11. dxe5 Nxe5 12. Qc3 Re8 13. Be2 g5 14. Rd1 Qe7 15. Bg3 Bf5 16. Nf3 Nxf3+ 17. Bxf3 Ne4 18. Qa5 Bg6 19. 0-0 b6 20. Qb5 Nxg3 21. hxg3 Be4 22. Rd7 Qf6 23. Bxe4 Rxe4 24. Rxc7 Re5 25. Qd7 Rd8 26. Rc8 Rxc8 27. Qxc8+ Kg7 28. b4 a5 29. Qc3 axb4 30. Qxb4 Qe7 31. Qxb6 Qxa3 32. Qd4 Qc5 33. Rd1 f6 34. g4 Kg6 35. Qd8 Qe7 36. Qc8 Rc5 37. Qg8+ Qg7 38. Qe6 Re5 39. Qc8 Re7 40. Rd8 Kf7 41. Qc4+ 1-0

[Event "NOR-ch Master"]
[Site "Larvik"]
[Date "2019.07.06"]
[Round "2"]
[White "Martinsen, Stig K"]
[Black "Sorgjerd, Jan"]
[Result "1/2-1/2"]
[WhiteElo "2177"]
[BlackElo "2033"]
[PlyCount "122"]
[EventDate "2019.07.05"]
[EventType "swiss"]
[EventRounds "9"]
[EventCountry "NOR"]
[SourceTitle "EXT 2024"]
[Source "ChessBase"]
[SourceDate "2023.10.10"]
[SourceVersion "1"]
[SourceVersionDate "2023.10.10"]
[SourceQuality "1"]

1. d4 Nf6 2. c4 e6 3. Nc3 c5 4. d5 exd5 5. cxd5 d6 6. e4 g6 7. f3 Bg7 8. Bg5 h6 9. Be3 Na6 10. Nge2 Nc7 11. Ng3 0-0 12. Qd2 Kh7 13. Rb1 Re8 14. Be2 b6 15. 0-0 Ba6 16. a3 Bxe2 17. Ngxe2 Qe7 18. b4 Rab8 19. Bf2 Qd7 20. Qd3 a6 21. a4 Rec8 22. Rfc1 a5 23. b5 Qe7 24. Re1 Nd7 25. f4 Ne8 26. Qc2 Qf8 27. Nd1 Nef6 28. h3 Re8 29. Nec3 Rbc8 30. Nb2 Nh5 31. g3 Bd4 32. Kg2 Qg7 33. Rbc1 Bxf2 34. Qxf2 Qd4 35. Red1 Qb4 36. Nd3 Qc4 37. Nb2 Qb4 38. Rc2 Nhf6 39. Nd3 Nxe4 40. Qf3 Qc4 41. Nxe4 Qxc2+ 42. Rd2 Qxa4 43. Nxd6 Rb8 44. Nxe8 Rxe8 45. Ne5 Qxb5 46. Nxf7 Qb4 47. Rf2 Qe4 48. Nd6 Qxf3+ 49. Kxf3 Re1 50. Rb2 Rd1 51. Nc4 a4 52. d6 a3 53. Ra2 Rd3+ 54. Kf2 Rd4 55. Rxa3 Rxc4 56. Ra7 Rd4 57. Rxd7+ Kg8 58. Rd8+ Kf7 59. d7 c4 60. Rc8 Rxd7 61. Rxc4 b5 1/2-1/2

[Event "NOR-ch Master"]
[Site "Sarpsborg"]
[Date "2018.07.11"]
[Round "6"]
[White "Bentsen, Hakon"]
[Black "Sorgjerd, Jan"]
[Result "1-0"]
[WhiteElo "2143"]
[BlackElo "2061"]
[PlyCount "99"]
[EventDate "2018.07.07"]
[EventType "swiss"]
[EventRounds "9"]
[EventCountry "NOR"]
[SourceTitle "EXT 2024"]
[Source "ChessBase"]
[SourceDate "2023.10.10"]
[SourceVersion "1"]
[SourceVersionDate "2023.10.10"]
[SourceQuality "1"]

1. e4 c5 2. Nf3 d6 3. d4 cxd4 4. Nxd4 Nf6 5. Nc3 a6 6. Bg5 e6 7. f4 Be7 8. Qf3 Qc7 9. 0-0-0 Nbd7 10. Bd3 b5 11. Rhe1 Bb7 12. Bxf6 Nxf6 13. f5 e5 14. Nb3 b4 15. Nd5 Bxd5 16. exd5 a5 17. Bb5+ Nd7 18. Nd4 0-0 19. Bxd7 Qxd7 20. Nc6 Rfc8 21. Re4 Rc7 22. Rg4 Bf6 23. h4 Rb7 24. Kb1 Rb5 25. Rc4 Qb7 26. Qe4 Qb6 27. Qe1 Qa6 28. Re4 Rc8 29. g4 Rxd5 30. Rxd5 Qxc6 31. Qd1 Bxh4 32. b3 Qa8 33. a3 Rb8 34. Qd3 Be7 35. a4 Qa7 36. Rc4 Qb6 37. Ka2 Qg1 38. Qd1 Qb6 39. Rb5 Qa7 40. Rxb8+ Qxb8 41. Qd5 h5 42. gxh5 e4 43. Rxe4 Bf6 44. Qc6 Qa7 45. Re8+ Kh7 46. Qa8 Qxa8 47. Rxa8 Kh6 48. Rxa5 Kxh5 49. Rd5 g5 50. fxg6+ 1-0

[Event "NOR-ch Master"]
[Site "Sarpsborg"]
[Date "2018.07.06"]
[Round "1"]
[White "Sorgjerd, Jan"]
[Black "Solberg, Joachim Krokvik"]
[Result "1/2-1/2"]
[WhiteElo "2061"]
[BlackElo "2263"]
[PlyCount "22"]
[EventDate "2018.07.07"]
[EventType "swiss"]
[EventRounds "9"]
[EventCountry "NOR"]
[SourceTitle "EXT 2024"]
[Source "ChessBase"]
[SourceDate "2023.10.10"]
[SourceVersion "1"]
[SourceVersionDate "2023.10.10"]
[SourceQuality "1"]

1. d4 Nf6 2. c4 g6 3. Nc3 d5 4. cxd5 Nxd5 5. e4 Nxc3 6. bxc3 Bg7 7. Bc4 c5 8. Ne2 Nc6 9. Be3 0-0 10. 0-0 cxd4 11. cxd4 Bg4 1/2-1/2

[Event "Kragero Grand Prix A"]
[Site "Kragero"]
[Date "2017.09.01"]
[Round "3"]
[White "Miedema, David"]
[Black "Sorgjerd, Jan"]
[Result "1-0"]
[WhiteElo "2372"]
[BlackElo "2007"]
[PlyCount "49"]
[EventDate "2017.09.01"]
[EventType "swiss (rapid)"]
[EventRounds "6"]
[EventCountry "NOR"]
[SourceTitle "EXT 2024"]
[Source "ChessBase"]
[SourceDate "2023.10.10"]
[SourceVersion "1"]
[SourceVersionDate "2023.10.10"]
[SourceQuality "1"]

1. d4 d5 2. c4 c6 3. Nf3 Nf6 4. e3 e6 5. b3 Bb4+ 6. Nbd2 Ne4 7. Bb2 Qa5 8. a3 Nxd2 9. Nxd2 Bxd2+ 10. Qxd2 Qxd2+ 11. Kxd2 b6 12. Bd3 Bb7 13. Rhc1 Nd7 14. f3 0-0 15. b4 Rfc8 16. a4 a5 17. cxd5 exd5 18. Bf5 Rd8 19. b5 Rac8 20. Ba3 g6 21. Be7 gxf5 22. Bxd8 Rxd8 23. bxc6 Ba6 24. cxd7 Rxd7 25. Rc6 1-0

[Event "NOR-chB"]
[Site "Oslo"]
[Date "2015.07.11"]
[Round "9"]
[White "Lillevold, Frode"]
[Black "Sorgjerd, Jan"]
[Result "1/2-1/2"]
[WhiteElo "2145"]
[BlackElo "2002"]
[PlyCount "167"]
[EventDate "2015.07.04"]
[EventType "swiss"]
[EventRounds "9"]
[EventCountry "NOR"]
[SourceTitle "EXT 2017"]
[Source "ChessBase"]
[SourceDate "2016.10.25"]
[SourceVersion "1"]
[SourceVersionDate "2016.10.25"]
[SourceQuality "1"]

1. d4 Nf6 2. c4 e6 3. Nc3 Bb4 4. e3 0-0 5. Bd3 d5 6. a3 Bxc3+ 7. bxc3 b6 8. cxd5 exd5 9. Nf3 c5 10. dxc5 bxc5 11. 0-0 Ba6 12. Bxa6 Nxa6 13. c4 Qb6 14. Qc2 Rab8 15. cxd5 Nxd5 16. e4 Nf6 17. Bf4 Qb3 18. Rfc1 Rb6 19. Qc4 Rd8 20. Qxb3 Rxb3 21. Bg5 Rdd3 22. Bxf6 gxf6 23. Nh4 Rxa3 24. f3 Kf8 25. Nf5 Nb4 26. h4 Rdc3 27. Kh2 Rxc1 28. Rxc1 Nd3 29. Rb1 Nb4 30. Rd1 Nd3 31. Rb1 Nb4 32. Kg3 a5 33. Rd1 Nd3 34. Rb1 Nb4 35. Nd6 a4 36. Rc1 Nd3 37. Rb1 Rb3 38. Ra1 Rb4 39. Ra3 Nc1 40. Kg4 c4 41. Rc3 Nd3 42. Nxc4 Rxc4 43. Rxd3 Rc8 44. Ra3 Ra8 45. f4 Ra5 46. f5 Kg7 47. Kf4 h5 48. Ke3 Kf8 49. Kd3 Ke7 50. Kc2 Ra8 51. Rg3 a3 52. Kb1 Ra4 53. Rg8 Rxe4 54. g3 Re2 55. Rh8 Rg2 56. Rxh5 Rxg3 57. Rh8 Rg2 58. h5 Rg5 59. Ka2 Rxf5 60. Kxa3 Rf4 61. Kb3 f5 62. Kc3 Kf6 63. h6 Kg6 64. Kd3 Re4 65. Kd2 Rh4 66. Ke3 Rxh6 67. Ra8 Kg5 68. Kf3 Rh3+ 69. Kg2 Rb3 70. Kf2 f4 71. Rf8 Kg4 72. Rxf7 Rb2+ 73. Kg1 Kf3 74. Ra7 Rb1+ 75. Kh2 Re1 76. Ra3+ Kf2 77. Ra2+ Re2 78. Ra1 f3 79. Kh3 Re1 80. Ra2+ Kg1 81. Kg3 f2 82. Rxf2 Re3+ 83. Rf3 Rxf3+ 84. Kxf3 1/2-1/2

[Event "NOR-chB"]
[Site "Oslo"]
[Date "2015.07.10"]
[Round "8"]
[White "Sorgjerd, Jan"]
[Black "Lien, Kjell Hakon"]
[Result "1/2-1/2"]
[WhiteElo "2002"]
[BlackElo "2107"]
[PlyCount "76"]
[EventDate "2015.07.04"]
[EventType "swiss"]
[EventRounds "9"]
[EventCountry "NOR"]
[SourceTitle "EXT 2017"]
[Source "ChessBase"]
[SourceDate "2016.10.25"]
[SourceVersion "1"]
[SourceVersionDate "2016.10.25"]
[SourceQuality "1"]

1. d4 Nf6 2. c4 g6 3. Nc3 Bg7 4. e4 d6 5. Be2 0-0 6. Nf3 e5 7. 0-0 Nc6 8. d5 Ne7 9. Ne1 Nd7 10. Be3 f5 11. f3 f4 12. Bf2 g5 13. Nd3 Nf6 14. c5 Ng6 15. Rc1 Rf7 16. cxd6 cxd6 17. a4 h5 18. b4 g4 19. Kh1 g3 20. Bg1 Nh4 21. Ne1 Bf8 22. a5 Rg7 23. Nb5 Ne8 24. Bxa7 Qg5 25. Qd2 gxh2 26. Rf2 Ng6 27. Bb6 h4 28. Bf1 Nf6 29. Nc7 Nh5 30. Nxa8 h3 31. Rxc8 Ng3+ 32. Kxh2 hxg2 33. Bxg2 Rh7+ 34. Kg1 Rh1+ 35. Bxh1 Ne2+ 36. Kf1 Ng3+ 37. Kg1 Ne2+ 38. Kf1 Ng3+ 1/2-1/2

[Event "Nordstrand CC-ch"]
[Site "Oslo"]
[Date "2015.04.23"]
[Round "10"]
[White "Sorgjerd, Jan"]
[Black "Svanholm, Borge Waaktaar"]
[Result "1-0"]
[WhiteElo "2107"]
[BlackElo "1779"]
[PlyCount "79"]
[EventDate "2014.12.01"]
[EventType "tourn"]
[EventRounds "11"]
[EventCountry "NOR"]
[SourceTitle "EXT 2018"]
[Source "ChessBase"]
[SourceDate "2017.10.13"]
[SourceVersion "1"]
[SourceVersionDate "2017.10.13"]
[SourceQuality "1"]

1. d4 Nf6 2. c4 g6 3. Nc3 Bg7 4. e4 d6 5. Be2 0-0 6. Nf3 e5 7. 0-0 Nc6 8. d5 Ne7 9. Ne1 Nd7 10. Be3 f5 11. f3 f4 12. Bf2 g5 13. Nd3 Nf6 14. Rc1 Ng6 15. c5 Rf7 16. a4 Bf8 17. a5 a6 18. b4 h5 19. cxd6 Bxd6 20. Nc5 Bxc5 21. Bxc5 g4 22. Bc4 Rg7 23. d6+ Kh7 24. dxc7 Qxc7 25. Nd5 Nxd5 26. Bxd5 Qd8 27. Bb6 Qg5 28. Rxc8 Rxc8 29. fxg4 hxg4 30. Be6 Rf8 31. Bxg4 Nh4 32. h3 Rfg8 33. Rf2 Qf6 34. Rd2 Rg6 35. Bd8 Rxd8 36. Rxd8 Rg7 37. Rd7 Rxd7 38. Qxd7+ Qg7 39. Qxg7+ Kxg7 40. Bc8 1-0

[Event "Nordstrand CC-ch"]
[Site "Oslo"]
[Date "2015.04.09"]
[Round "9"]
[White "Barstad, Thoralf"]
[Black "Sorgjerd, Jan"]
[Result "0-1"]
[WhiteElo "1827"]
[BlackElo "2107"]
[PlyCount "58"]
[EventDate "2014.12.01"]
[EventType "tourn"]
[EventRounds "11"]
[EventCountry "NOR"]
[SourceTitle "EXT 2018"]
[Source "ChessBase"]
[SourceDate "2017.10.13"]
[SourceVersion "1"]
[SourceVersionDate "2017.10.13"]
[SourceQuality "1"]

1. e4 c5 2. Nf3 d6 3. d4 cxd4 4. Nxd4 Nf6 5. Nc3 a6 6. Be2 e6 7. 0-0 Be7 8. a4 Qc7 9. Be3 b6 10. Nb3 Bb7 11. Bf3 Nc6 12. Bf4 0-0 13. Qe2 Ne5 14. Bxe5 dxe5 15. Rfd1 Rfd8 16. Rxd8+ Rxd8 17. Rd1 h6 18. Rxd8+ Qxd8 19. Qd2 Qc7 20. Qe2 Qc6 21. h3 Bb4 22. Qd3 Bxc3 23. bxc3 Qxa4 24. Qd8+ Kh7 25. Qxb6 Bxe4 26. Bxe4+ Qxe4 27. Qe3 Qxc2 28. Nc5 e4 29. Nxa6 Qd1+ 0-1

[Event "Nordstrand CC-ch"]
[Site "Oslo"]
[Date "2015.03.26"]
[Round "8"]
[White "Sorgjerd, Jan"]
[Black "Moseng, Geir"]
[Result "1/2-1/2"]
[WhiteElo "2107"]
[BlackElo "2014"]
[PlyCount "115"]
[EventDate "2014.12.01"]
[EventType "tourn"]
[EventRounds "11"]
[EventCountry "NOR"]
[SourceTitle "EXT 2018"]
[Source "ChessBase"]
[SourceDate "2017.10.13"]
[SourceVersion "1"]
[SourceVersionDate "2017.10.13"]
[SourceQuality "1"]

1. d4 d5 2. c4 Nc6 3. cxd5 Qxd5 4. Nf3 e5 5. Nc3 Bb4 6. e3 Bg4 7. Be2 exd4 8. exd4 Nf6 9. a3 Bxc3+ 10. bxc3 0-0 11. 0-0 Ne4 12. Qc2 b5 13. Re1 Rfe8 14. Rb1 a6 15. Bf4 Nd6 16. Ng5 Bf5 17. Bd3 Bg6 18. Bxd6 cxd6 19. Bxg6 hxg6 20. h4 Qf5 21. Qxf5 gxf5 22. Kf1 Na5 23. Rxe8+ Rxe8 24. a4 Nc4 25. Nf3 Rc8 26. axb5 Na3 27. Ra1 Nxb5 28. Rxa6 Rxc3 29. Kg1 Rc4 30. Rb6 Nxd4 31. Rxd6 Nxf3+ 32. gxf3 Rxh4 33. Rd8+ Kh7 34. Kg2 g5 35. Rd5 Kg6 36. Rd6+ f6 37. Rd7 Ra4 38. Rc7 g4 39. fxg4 fxg4 40. Rc5 f5 41. Rc8 Kg5 42. Rg8+ Kf4 43. Rb8 Rc4 44. Ra8 Rb4 45. Ra5 Rb2 46. Ra4+ Kg5 47. Ra8 Rc2 48. Rb8 Ra2 49. Rc8 Ra5 50. Rg8+ Kf4 51. Rb8 Ra2 52. Rc8 Ra6 53. Rc4+ Kg5 54. Rc8 f4 55. Rg8+ Rg6 56. Rf8 Rh6 57. Rg8+ Kh4 58. f3 1/2-1/2

[Event "Nordstrand CC-ch"]
[Site "Oslo"]
[Date "2015.02.05"]
[Round "3"]
[White "Sorgjerd, Jan"]
[Black "Gulbrandsen, Tor"]
[Result "1/2-1/2"]
[WhiteElo "2107"]
[BlackElo "2095"]
[PlyCount "129"]
[EventDate "2014.12.01"]
[EventType "tourn"]
[EventRounds "11"]
[EventCountry "NOR"]
[SourceTitle "EXT 2018"]
[Source "ChessBase"]
[SourceDate "2017.10.13"]
[SourceVersion "1"]
[SourceVersionDate "2017.10.13"]
[SourceQuality "1"]

1. d4 Nf6 2. Nf3 d5 3. c4 e6 4. Nc3 c6 5. e3 Be7 6. Qc2 0-0 7. Bd3 dxc4 8. Bxc4 c5 9. 0-0 cxd4 10. exd4 Nc6 11. Rd1 b6 12. Qe2 Nd5 13. Ne4 Bb7 14. Neg5 Qd6 15. Bd3 Nf6 16. Ne4 Nxe4 17. Qxe4 g6 18. Bf4 Qd7 19. Qe3 Rfd8 20. Rac1 Rac8 21. Bb5 a6 22. Ne5 Qe8 23. Nxc6 Bxc6 24. Bxa6 Ra8 25. Bc4 Qd7 26. Bb3 Rac8 27. Be5 Qb7 28. Qg3 Rd7 29. h4 Bd5 30. Bxd5 Rxd5 31. Qe3 Qd7 32. Rxc8+ Qxc8 33. Rc1 Qd7 34. Rc7 Qe8 35. Qc1 Bc5 36. Qf4 Be7 37. Qc1 Bc5 38. Qf4 Be7 39. Rb7 Qf8 40. Rb8 Rd8 41. Rxb6 h5 42. Bc7 Rc8 43. Rb8 Rxb8 44. Bxb8 Bxh4 45. Bd6 Qd8 46. Bc7 Qe7 47. Qd6 Qg5 48. Qc6 Qe7 49. Bd6 Qd8 50. b4 Kh7 51. g3 Bf6 52. Qc5 Qa8 53. Qc7 Kg7 54. Qb8 Qxb8 55. Bxb8 Bxd4 56. Bc7 Kf8 57. Bd6+ Ke8 58. b5 Kd7 59. Bb4 Kc7 60. a4 Kb6 61. Kf1 g5 62. Bd2 Bf6 63. Be3+ Ka5 64. b6 Ka6 65. Kg2 1/2-1/2

[Event "Nordstrand CC-ch"]
[Site "Oslo"]
[Date "2014.12.01"]
[Round "1"]
[White "Sorgjerd, Jan"]
[Black "Dyrnes, Jussi"]
[Result "1-0"]
[WhiteElo "2107"]
[BlackElo "1823"]
[PlyCount "79"]
[EventDate "2014.12.01"]
[EventType "tourn"]
[EventRounds "11"]
[EventCountry "NOR"]
[SourceTitle "EXT 2018"]
[Source "ChessBase"]
[SourceDate "2017.10.13"]
[SourceVersion "1"]
[SourceVersionDate "2017.10.13"]
[SourceQuality "1"]

1. d4 Nf6 2. c4 d6 3. Nf3 Nbd7 4. Nc3 e5 5. g3 Be7 6. Bg2 0-0 7. 0-0 c6 8. b3 Re8 9. Bb2 e4 10. Nh4 d5 11. Nf5 Bb4 12. a3 Bxc3 13. Bxc3 Nf8 14. Ne3 Be6 15. a4 h6 16. Qd2 N8h7 17. f4 exf3 18. exf3 Ng5 19. Rae1 Qd7 20. Qc2 Rac8 21. c5 Bh3 22. Qd3 g6 23. Bd2 Nh5 24. f4 Ne4 25. f5 Bxg2 26. Kxg2 Nxd2 27. Qxd2 Re4 28. fxg6 fxg6 29. Nc2 g5 30. Rxe4 dxe4 31. Qe2 Qe8 32. Qc4+ Kg7 33. Ne3 Qg6 34. Nf5+ Kh7 35. Ne7 Qe8 36. Rf7+ Ng7 37. Qe6 Qxf7 38. Qxf7 Re8 39. Qg6+ Kh8 40. Qxh6# 1-0

[Event "NOR-chB"]
[Site "Lillehammer"]
[Date "2013.07.01"]
[Round "4"]
[White "Sorgjerd, Jan"]
[Black "Madland, Kristoffer"]
[Result "1/2-1/2"]
[WhiteElo "2128"]
[BlackElo "2096"]
[PlyCount "82"]
[EventDate "2013.06.29"]
[EventType "swiss"]
[EventRounds "9"]
[EventCountry "NOR"]
[SourceTitle "EXT 2014"]
[Source "ChessBase"]
[SourceDate "2013.11.20"]
[SourceVersion "1"]
[SourceVersionDate "2013.11.20"]
[SourceQuality "1"]

1. d4 d5 2. c4 c6 3. Nf3 Nf6 4. e3 e6 5. Bd3 Nbd7 6. 0-0 Bd6 7. Nc3 b6 8. e4 dxe4 9. Nxe4 Nxe4 10. Bxe4 Bb7 11. b3 Nf6 12. Bc2 Qc7 13. Qe2 0-0-0 14. c5 bxc5 15. dxc5 Bxc5 16. Bb2 Rd5 17. Bd3 Rhd8 18. Ba6 Qb6 19. Bxb7+ Kxb7 20. Bc3 Qb5 21. Qe1 Qd3 22. Ne5 Qf5 23. Nxf7 Rf8 24. Ne5 Ne4 25. Nf3 g5 26. Bb4 Qf4 27. Bxc5 Nxc5 28. Rd1 g4 29. Rxd5 exd5 30. Qe7+ Kb6 31. Ne5 Rf5 32. Nd7+ Nxd7 33. Qxd7 Rf7 34. Qd8+ Kb7 35. Qe8 d4 36. b4 a6 37. a4 Qf5 38. a5 Qd5 39. Rd1 Rd7 40. Qe2 h5 41. Rd3 Qc4 1/2-1/2

[Event "NOR-chT Clubs"]
[Site "Fagernes"]
[Date "2011.10.14"]
[Round "2"]
[White "Hansen, Torbjorn Ringdal"]
[Black "Sorgjerd, Jan"]
[Result "1-0"]
[WhiteElo "2428"]
[BlackElo "2051"]
[PlyCount "81"]
[EventDate "2011.10.14"]
[EventType "team-tourn"]
[EventRounds "6"]
[EventCountry "NOR"]
[SourceTitle "CBM 144 Extra"]
[Source "ChessBase"]
[SourceDate "2011.10.28"]
[SourceVersion "1"]
[SourceVersionDate "2011.10.28"]
[SourceQuality "1"]

1. e4 d6 2. d4 Nf6 3. Nc3 e5 4. Nf3 Nbd7 5. g4 Nxg4 6. Rg1 exd4 7. Nxd4 Nde5 8. h3 Nf6 9. Be3 c6 10. Qe2 Qc7 11. 0-0-0 Bd7 12. Nf5 Bxf5 13. exf5 0-0-0 14. Bxa7 d5 15. Qe3 Ned7 16. Bd4 Bd6 17. Kb1 Rde8 18. Qf3 Rhg8 19. Na4 Be5 20. Bxe5 Rxe5 21. Bd3 Qa5 22. Nc3 Nc5 23. Qf4 Nxd3 24. cxd3 Qc7 25. Nb5 Qb8 26. Nd4 Kd7 27. Nb3 b6 28. Rc1 Qd6 29. Qd4 Kc7 30. Qa4 Kb7 31. Nd4 c5 32. Nb5 Qb8 33. d4 Re4 34. Qa3 Nd7 35. Rgd1 Rc8 36. dxc5 Rxc5 37. Rxc5 Nxc5 38. Rxd5 Re1+ 39. Kc2 Kc6 40. Nc3 Re4 41. Rxc5+ 1-0

[Event "NOR-chT Clubs"]
[Site "Drammen"]
[Date "2010.10.10"]
[Round "5"]
[White "Sorgjerd, Jan"]
[Black "Kvisla, Johannes Luangtep"]
[Result "0-1"]
[WhiteElo "1983"]
[BlackElo "2078"]
[PlyCount "100"]
[EventDate "2010.10.08"]
[EventType "team"]
[EventRounds "6"]
[EventCountry "NOR"]
[SourceTitle "EXT 2015"]
[Source "ChessBase"]
[SourceDate "2014.11.20"]
[SourceVersion "1"]
[SourceVersionDate "2014.11.20"]
[SourceQuality "1"]
[WhiteTeam "Nordstrand"]
[BlackTeam "Stavanger II"]
[WhiteTeamCountry "NOR"]
[BlackTeamCountry "NOR"]

1. d4 e6 2. c4 f5 3. g3 Nf6 4. Bg2 c6 5. Nf3 d5 6. 0-0 Bd6 7. b3 Qe7 8. Bb2 b6 9. Qc2 Bb7 10. Nbd2 0-0 11. Ne5 a5 12. Ndf3 Na6 13. e3 Rac8 14. Qe2 Ne4 15. Nd3 Nb4 16. Nfe5 Nxd3 17. Nxd3 c5 18. Rfc1 dxc4 19. bxc4 Rfd8 20. Rc2 Qf7 21. Rac1 Bf8 22. Rb1 Qc7 23. Ba1 g6 24. f3 Nd6 25. Nf4 Re8 26. d5 exd5 27. cxd5 Qf7 28. e4 Bh6 29. Ne6 b5 30. Qd1 Nc4 31. Re2 Qd7 32. Qb3 Nd2 33. Qb2 Bg7 34. Nxg7 Nc4 35. Qf6 Qf7 36. Qxf7+ Kxf7 37. Ne6 b4 38. Rc2 Na3 39. Ng5+ Kg8 40. Rbc1 Nxc2 41. Rxc2 c4 42. f4 fxe4 43. Bxe4 b3 44. axb3 cxb3 45. Rxc8 Bxc8 46. d6 Bb7 47. Bf6 Bxe4 48. Nxe4 Rxe4 49. Kf2 Re6 50. d7 Rd6 0-1

[Event "NOR-chT Clubs"]
[Site "Drammen"]
[Date "2010.10.08"]
[Round "1.83"]
[White "Moberg, Jan Rune"]
[Black "Sorgjerd, Jan"]
[Result "0-1"]
[WhiteElo "1569"]
[BlackElo "1983"]
[PlyCount "66"]
[EventDate "2010.10.08"]
[EventType "team"]
[EventRounds "6"]
[EventCountry "NOR"]
[SourceTitle "EXT 2015"]
[Source "ChessBase"]
[SourceDate "2014.11.20"]
[SourceVersion "1"]
[SourceVersionDate "2014.11.20"]
[SourceQuality "1"]
[WhiteTeam "Follo"]
[BlackTeam "Nordstrand"]
[WhiteTeamCountry "NOR"]
[BlackTeamCountry "NOR"]

1. d4 d5 2. c4 c6 3. Nf3 Nf6 4. Nc3 e6 5. g3 Nbd7 6. Bg2 Be7 7. 0-0 0-0 8. Re1 b6 9. a4 Bb4 10. Qb3 a5 11. Bd2 Ba6 12. cxd5 exd5 13. Qc2 Re8 14. e4 Bxc3 15. Bxc3 Nxe4 16. Re3 Ndf6 17. h3 Qd6 18. Rae1 Re6 19. Ne5 Rae8 20. b3 Nxc3 21. Qxc3 Bb7 22. f4 c5 23. Nc4 dxc4 24. Bxb7 Rxe3 25. Rxe3 Rxe3 26. Qxe3 cxd4 27. Qf3 c3 28. Qd3 Nd7 29. Bf3 Nc5 30. Qc4 g6 31. Bd5 c2 32. Bf3 d3 33. Qc3 Nxb3 0-1

[Event "Gjovik op"]
[Site "Gjovik"]
[Date "2009.01.01"]
[Round "4"]
[White "Kvisla, Johannes Luangtep"]
[Black "Sorgjerd, Jan"]
[Result "1/2-1/2"]
[WhiteElo "2221"]
[BlackElo "2123"]
[PlyCount "72"]
[EventDate "2008.12.29"]
[EventType "swiss"]
[EventRounds "9"]
[EventCountry "NOR"]
[SourceTitle "CBM 130 Extra"]
[Source "ChessBase"]
[SourceDate "2009.07.02"]
[SourceVersion "2"]
[SourceVersionDate "2009.07.15"]
[SourceQuality "1"]

1. d4 d5 2. c4 c6 3. Nf3 Nf6 4. Qc2 e6 5. g3 Bb4+ 6. Nbd2 Nbd7 7. Bg2 0-0 8. 0-0 Re8 9. Rd1 Qe7 10. e4 dxe4 11. Nxe4 Nxe4 12. Qxe4 Nf6 13. Qh4 h6 14. Ne5 Bd6 15. Be3 Bd7 16. Nxd7 Nxd7 17. Qxe7 Rxe7 18. a3 Nf6 19. Rac1 Rc8 20. h3 a6 21. b4 Ree8 22. Rb1 Red8 23. a4 b5 24. Bf1 bxc4 25. Bxc4 Nd5 26. Bd2 Rb8 27. Bxa6 Bxb4 28. Bxb4 Rxb4 29. Rxb4 Nxb4 30. Be2 Ra8 31. Rb1 Nd5 32. Ra1 Nc3 33. Bf3 Rxa4 34. Rxa4 Nxa4 35. Bxc6 Nc3 36. Kg2 Ne2 1/2-1/2

[Event "Bergen Sommer op-A"]
[Site "Bergen"]
[Date "2008.08.08"]
[Round "6"]
[White "Demac, Elias"]
[Black "Sorgjerd, Jan"]
[Result "1/2-1/2"]
[WhiteElo "1862"]
[BlackElo "2034"]
[PlyCount "51"]
[EventDate "2008.08.03"]
[EventType "swiss"]
[EventRounds "6"]
[EventCountry "NOR"]
[SourceTitle "EXT 2010"]
[Source "ChessBase"]
[SourceDate "2010.11.25"]
[SourceVersion "1"]
[SourceVersionDate "2010.11.25"]
[SourceQuality "1"]

1. d4 d5 2. Nf3 Nf6 3. c4 e6 4. Bg5 Be7 5. e3 0-0 6. Nc3 Nbd7 7. Rc1 c6 8. Bd3 Re8 9. Bf4 h6 10. Bb1 Qa5 11. c5 b5 12. 0-0 Ba6 13. Ne5 Rac8 14. Qc2 Nf8 15. b3 b4 16. Ne2 Ne4 17. f3 Nc3 18. Nxc3 Bxf1 19. Nxd5 cxd5 20. Rxf1 Bg5 21. Bxg5 hxg5 22. f4 f5 23. fxg5 g6 24. g4 Qd8 25. h4 Rc7 26. Qh2 1/2-1/2

[Event "Bergen Sommer op-A"]
[Site "Bergen"]
[Date "2008.08.03"]
[Round "1"]
[White "Hoel, Jorgen"]
[Black "Sorgjerd, Jan"]
[Result "0-1"]
[WhiteElo "1348"]
[BlackElo "2034"]
[PlyCount "64"]
[EventDate "2008.08.03"]
[EventType "swiss"]
[EventRounds "6"]
[EventCountry "NOR"]
[SourceTitle "EXT 2010"]
[Source "ChessBase"]
[SourceDate "2010.11.25"]
[SourceVersion "1"]
[SourceVersionDate "2010.11.25"]
[SourceQuality "1"]

1. c4 e5 2. g3 Nc6 3. Bg2 g6 4. Nc3 Bg7 5. e3 f5 6. Nge2 Nf6 7. d4 e4 8. 0-0 0-0 9. a3 Kh8 10. d5 Ne5 11. b3 d6 12. Nd4 Qe7 13. Nce2 g5 14. Qc2 Bd7 15. Bb2 Nd3 16. Nc1 Nxb2 17. Qxb2 Ng4 18. Qd2 Rae8 19. Nce2 a6 20. Rab1 Rf6 21. h3 Ne5 22. Kh2 Rh6 23. Rbc1 Qf7 24. Rh1 Qh5 25. Kg1 Nf3+ 26. Bxf3 exf3 27. Nc3 f4 28. exf4 Bxh3 29. fxg5 Bg2 30. Rh4 Qxh4 31. gxh4 Rxh4 32. Nxf3 Bxf3 0-1

[Event "Bergen Sommer op-A"]
[Site "Bergen"]
[Date "2007.08.10"]
[Round "6"]
[White "Sorgjerd, Jan"]
[Black "Stokke, Kjetil"]
[Result "0-1"]
[WhiteElo "2015"]
[BlackElo "2365"]
[PlyCount "70"]
[EventDate "2007.08.05"]
[EventType "swiss"]
[EventRounds "6"]
[EventCountry "NOR"]
[SourceTitle "CBM 119 Extra"]
[Source "ChessBase"]
[SourceDate "2007.09.04"]
[SourceVersion "1"]
[SourceVersionDate "2007.09.04"]
[SourceQuality "1"]

1. d4 Nf6 2. c4 g6 3. Nc3 Bg7 4. e4 0-0 5. Nf3 d6 6. Be2 e5 7. 0-0 Nc6 8. d5 Ne7 9. Ne1 Nd7 10. Be3 f5 11. f3 f4 12. Bf2 g5 13. Rc1 a6 14. b4 Rf6 15. Nd3 Rg6 16. Be1 Nf6 17. Nf2 h5 18. h3 Kh8 19. c5 Neg8 20. cxd6 cxd6 21. a4 Nh6 22. Qd3 g4 23. fxg4 hxg4 24. hxg4 Nhxg4 25. Ncd1 Bh6 26. Rc2 Bd7 27. Nxg4 Nxg4 28. a5 Qg5 29. Bxg4 Bxg4 30. Nc3 Rag8 31. b5 Qh5 32. bxa6 bxa6 33. Rcf2 Bh3 34. Qxa6 Bxg2 35. Rxg2 Rxg2# 0-1